40 milliós műszeradomány a klinikának
Elmentve itt :
| Dokumentumtípus: | Cikk |
|---|---|
| Megjelent: |
2007-04-25
|
| Sorozat: | Délmagyarország
97 No. 96 |
| Kulcsszavak: | Gyermekgyógyászati Klinika |
| Online Access: | http://dmarchiv.bibl.u-szeged.hu/127182 |
| LEADER | 00425nab a2200145 i 4500 | ||
|---|---|---|---|
| 001 | delm127182 | ||
| 005 | 20200108095142.0 | ||
| 008 | 200108s2007 hu o 0|| hun d | ||
| 040 | |a SZTE Délmagyarország Archívum |b hun | ||
| 041 | |a hun | ||
| 245 | 0 | 0 | |a 40 milliós műszeradomány a klinikának |h [elektronikus dokumentum] |
| 260 | |c 2007-04-25 | ||
| 300 | |a 4 | ||
| 490 | 0 | |a Délmagyarország |v 97 No. 96 | |
| 695 | |a Gyermekgyógyászati Klinika | ||